ბათუმის შოთა რუსთაველის სახელმწიფო უნივერსიტეტის ბიბლიოთეკა

Основы теории аналитических функции комплексного переменного (ბიბ.ჩანაწერი № 48040)

000 -LEADER
fixed length control field 00672nam a2200205Ia 4500
001 - CONTROL NUMBER
control field 14920
003 - CONTROL NUMBER IDENTIFIER
control field GE_BSU
008 - FIXED-LENGTH DATA ELEMENTS--GENERAL INFORMATION
fixed length control field 181216s||||||||xx |||||||||||||| ||und||
040 ## - CATALOGING SOURCE
Transcribing agency GE_BSU
080 ## - UNIVERSAL DECIMAL CLASSIFICATION NUMBER
Universal Decimal Classification number 517.54
100 ## - MAIN ENTRY--PERSONAL NAME
Personal name Бицадзе,А.В.
245 ## - TITLE STATEMENT
Title Основы теории аналитических функции комплексного переменного
245 ## - TITLE STATEMENT
Statement of responsibility, etc. Ред.Е.Д.Соломенко
260 ## - PUBLICATION, DISTRIBUTION, ETC.
Place of publication, distribution, etc. Москва
260 ## - PUBLICATION, DISTRIBUTION, ETC.
Name of publisher, distributor, etc. Наука
260 ## - PUBLICATION, DISTRIBUTION, ETC.
Date of publication, distribution, etc. 1969
300 ## - PHYSICAL DESCRIPTION
Extent 239стр.20см.
653 ## - INDEX TERM--UNCONTROLLED
Uncontrolled term Основы теории аналитических функции комплексного переменного
942 ## - ADDED ENTRY ELEMENTS (KOHA)
Koha item type წიგნი
ეგზემპლარები
Withdrawn status Lost status Damaged status Not for loan Date acquired Barcode Date last seen Price effective from Koha item type
        2018-12-17 16927 2018-12-17 2018-12-17 წიგნი
        2018-12-17 17218 2018-12-17 2018-12-17 წიგნი
        2018-12-17 17293 2018-12-17 2018-12-17 წიგნი
        2018-12-17 17307 2018-12-17 2018-12-17 წიგნი
        2018-12-17 18344 2018-12-17 2018-12-17 წიგნი